000 00530nam a22001937a 4500
003 KOHA_MİRAKIL
005 20251221164610.0
008 251221b tu ||||| |||| 00| 0 tur d
020 _a9789756963852
040 _aTR-AnABB
_btur
_cTR-AnABB
041 _atur
082 _a150.9
_bSCH 2002
100 1 _aSchultz, Duane P.,
245 1 0 _aModern psikoloji tarihi /
_cDuane P. Schultz
260 _aİstanbul :
_bKaknüs Yayınları,
_c2002
300 _a696 sayfa ;
_c21 cm
650 0 4 _aPsikoloji
942 _2ddc
_cBK
999 _c9876
_d9876
900 _bGizem YORULMAZ